| 000 | 00791nam a2200253 a 4500 | ||
|---|---|---|---|
| 999 |
_c10852 _d10852 |
||
| 001 | 10852 | ||
| 003 | BD-JhCC | ||
| 005 | 20190623091618.0 | ||
| 008 | 190522b2016 bd ||||| a||| 00| 0 ben d | ||
| 020 | _a9879844321229 | ||
| 035 | _a(BD-JhCC)10852 | ||
| 040 |
_aBD-JhCC _dBD-JhCC |
||
| 041 | _aben | ||
| 082 |
_bAHM 2016 _a616 |
||
| 100 | _aআহমদ, ড. মুনীরউদ্দিন | ||
| 245 |
_aরোগ প্রতিরোধ করুন ও সুস্হ থাকুন / _c ড. মুনীরউদ্দিন আহমদ |
||
| 260 |
_aঢাকা, বাংলাদেশ: _bঅনন্যা, _c2016. |
||
| 300 |
_a127 p. _c20 cm. |
||
| 650 | _aHygiene | ||
| 650 | _aMedicine | ||
| 650 | _aMedicine, Preventive | ||
| 942 |
_2ddc _cBK |
||